00546nam a22001817a 450000500170000001000400001702000260005703500270008303700210011008200110013110000180014224500670016026000330022727000560026030000230031650500060033970000190034520230310110538.0 a1718EN-30 B-689171-186 ENG-136288 c495.00a9788183823050 aB-689171-186 EN-119820 bLotus pressadpl a954.02 aMehta, J. L.  aHistory of medieval India :cby J. L. Mehta [and ]Sarita Mehta aNew DelhibLotus Pressc2017 a4263/3, Ansari Road, Darya Ganj,bNew Delhie110002 a957p.c22cm (pbk)  a  aMehta, Sarita